[Event "Lidums Checkmate Op"]
[Site "Adelaide"]
[Date "2007.07.08"]
[Round "5.20"]
[White "McColl, Kevin"]
[Black "Milton, Anthony W"]
[Result "1-0"]
[Annotator "Fritz 10"]
[BlackElo "1466"]
[EventCountry "AUS"]
[EventDate "2007.07.07"]
[EventRounds "7"]
[EventType "swiss"]
[PlyCount "47"]
[WhiteElo "1900"]

{ B50: Sicilian: 2...d6, Miscellaneous } 1. e4 c5 2. Nf3 d6 3. b4 cxb4 4. d4 Nf6
5. Bd3 e6 6. a3 { White threatens to win material: a3xb4}  ( 6. O-O Be7 7. e5 (
7. a3 Nc6 8. Qe2 O-O 9. Nbd2 Qc7 10. Bb2 bxa3 11. Bxa3 e5 12. c3 Bg4 13. h3 Bh5
14. g4 Bg6 15. d5 Nb8 16. Nh4 Nfd7 17. Nf5 Bxf5 18. exf5 Nc5 19. Bxc5 dxc5 20.
Ne4 f6 21. h4 Nd7 { Grabinsky,V  ( 2317 ) -Truskavetsky,A  ( 2374 ) /Alushta
2005/CBM 105 ext/0-1  ( 36 )}  )7... dxe5 8. dxe5 Nfd7 9. Qe2 Nc6 10. Rd1 Qc7
11. Bb2 Nc5 12. Nbd2 Bd7 13. Nd4 Nxd4 14. Bxd4 Rd8 15. h4 h6 { 1/2-1/2 Canal
Oliveras,J  ( 2236 ) -Comas Fabrego,L  ( 2516 ) /Barcelona 2000/CBM 077 ext} 
)6... Be7 $146 ( 6... bxa3 7. Bxa3 ( 7. c3 Be7 8. O-O O-O 9. Nxa3 Nc6 10. Nc2
Qc7 11. Ne3 b6 12. Nd2 e5 13. d5 Na5 14. c4 Nb7 15. Bb2 Nc5 16. Bc2 g6 17. Ra3
Nh5 18. Nf5 Bg5 19. Nf3 Bf6 20. N3h4 Nf4 21. Qg4 h5 { Mindeguia Guruceaga,J  (
2105 ) -Cheparinov,I  ( 2531 ) /Pamplona 2003/CBM 097 ext/ 0-1  ( 39 )}  )7...
Be7 8. O-O d5 9. e5 Nfd7 10. Nc3 Bxa3 11. Rxa3 Nc6 12. Nb5 O-O 13. Nd2 f5 14.
Qh5 g6 15. Qh6 Rf7 16. Nf3 Nf8 17. Ng5 Rg7 18. Rb1 a6 19. c3 Rb8 20. Nd6 b5 21.
Rba1 { Yerhoff,F-Yanofsky,D/Vancouver 1951/MCD/0-1  ( 67 )}  )( 6... Nbd7 7.
O-O Qc7 8. axb4 e5 9. Na3 a6 10. Re1 Be7 11. Bb2 O-O 12. Nc4 Re8 13. d5 b6 14.
h3 a5 15. b5 Nc5 16. Nfxe5 dxe5 17. Bxe5 Qd8 18. Bg3 Bb7 19. d6 Bf8 20. e5 Nfd7
21. Ra3 { Doermann,A  ( 2103 ) -Suess,S  ( 2009 ) /Forchheim 2003/CBM 096
ext/0-1  ( 61 )}  )( 6... Nc6 $5 $11 { looks like a viable alternative} )7.
axb4 $14 O-O 8. h4 { Black has a cramped position}  ( 8. O-O e5 $14 )8... Nbd7
( 8... e5 9. d5 $15 )9. e5 ( 9. O-O $5 $14 $142 { would keep White in the game}
)9... dxe5 $17 10. dxe5 { Black has a cramped position. Black's piece can't
move: c8.}  10... Nd5 ( { Weaker is } 10... Bxb4+ 11. c3 Nc5 12. Bc4 Qxd1+ 13.
Kxd1 $14 )11. c4 $2 ( 11. Qe2 Bxb4+ ( 11... Nxb4 $143 12. Bxh7+ Kh8 13. Ng5 $14
)12. Bd2 f6 $17 )11... Bxb4+ ( 11... Nxb4 $5 $142 12. O-O Qc7 $19 )12. Kf1 Nxe5
$4 { Black has let it slip away}  ( 12... Ne7 $142 13. Ba3 Bxa3 14. Nxa3 Nc6
$17 )13. Nxe5 $16 ( 13. cxd5 $6 Qxd5 14. Bxh7+ Kxh7 15. Qxd5 exd5 16. Nxe5 Re8
$14 )13... Qf6 ( 13... Ne7 14. Ba3 Bxa3 15. Nxa3 $16 )14. Qe2 ( 14. Qh5 $142 g6
15. Qg5 $18 )14... Rd8 $4 { further deteriorates the position}  ( 14... Bd6
$142 15. Qe4 g6 $16 )15. Bg5 $18 Nf4 ( 15... Ne3+ { cannot undo what has
already been done}  16. Qxe3 Rxd3 17. Qxd3 ( 17. Nxd3 $6 Qxa1 18. Qc1 Bf8 $14
)17... Qxe5 18. Qd8+ Bf8 19. Be7 $18 )16. Bxf6 Rxd3 ( 16... Nxe2 { a last
effort to resist the inevitable}  17. Bxd8 Nf4 $18 )17. Qg4 { White prepares
the advance h5}  17... Ng6 18. Nxd3 ( 18. h5 gxf6 19. hxg6 hxg6 20. Nxg6 e5 21.
Ne7+ Kf8 22. Nxc8 Ke8 23. Rh8+ Bf8 24. Qg7 Rd1+ 25. Ke2 Kd7 26. Rxf8 Kc6 27.
Qxf6+ Kc5 28. Qxe5+ Kc6 29. Qb5+ Kc7 30. Qc5+ Kd7 31. Rxf7+ Ke8 32. Qe7# )18...
e5 19. Qf3 Bd6 20. h5 Nf4 21. Qg3 ( 21. Bxe5 $142 { might be the shorter path} 
21... Nxd3 22. Bxd6 $18 )21... g6 22. hxg6 ( 22. Nxf4 exf4 23. hxg6 fxg6 24.
Qf3 Kf7 25. Qd5+ Be6 26. Rxh7+ Kxf6 27. Qxd6 Rd8 28. Qxd8+ Ke5 29. Ra5+ b5 30.
Rxb5+ Bd5 31. Rxd5+ Ke4 32. Qe8# )22... fxg6 23. Nxe5 ( 23. Nxf4 exf4 24. Qf3
Kf7 25. Rxh7+ Kxf6 26. Qd5 Be6 27. Qxd6 f3 28. Ra5 fxg2+ 29. Kxg2 b5 30. Qf4+
Bf5 31. Ra6# )23... Ne6 24. Qxg6+ $1 { Mate attack. . . .}  ( 24. Qxg6+ hxg6
25. Rh8# ) 1-0

[Event "Lidums Checkmate Op"]
[Site "Adelaide"]
[Date "2007.07.08"]
[Round "5.21"]
[White "Hvistendahl, Robert"]
[Black "Anderson-Smith, William"]
[Result "1/2-1/2"]
[Annotator "Fritz 10"]
[BlackElo "1629"]
[EventCountry "AUS"]
[EventDate "2007.07.07"]
[EventRounds "7"]
[EventType "swiss"]
[PlyCount "46"]
[WhiteElo "1855"]

{ C14: French: Classical System: 4 Bg5 Be7 main line } 1. e4 e6 2. d4 d5 3. Nc3
Nf6 4. Bg5 Be7 5. e5 Nfd7 6. h4 c5 7. Bxe7 Kxe7 8. Nf3 ( 8. dxc5 Qc7 9. f4 Qxc5
10. Qd2 Nc6 11. Nf3 Nb6 12. a3 a5 13. h5 h6 14. O-O-O Bd7 15. Kb1 a4 16. Rh3
Rac8 17. Nb5 Rhd8 18. Nd6 Rb8 19. Rg3 Kf8 20. Qd3 { 1-0 Morozevich,A  ( 2679 )
-Kortschnoj,V  ( 2628 ) /Biel 2003/CBM 097}  )8... Nc6 9. dxc5 $146 ( 9. Qd2
cxd4 10. Nxd4 Ndxe5 11. f4 Ng4 12. Be2 Nf6 13. g4 Bd7 14. g5 Ne8 15. O-O-O Nd6
16. f5 Qb6 17. Qf4 Nxd4 18. f6+ Ke8 19. Rxd4 Nf5 20. fxg7 Rg8 21. Rd3 Qd6 22.
Qf2 Rxg7 23. Bg4 Ne7 { Zschischang,G  ( 2230 ) -Heinsohn,T  ( 2193 ) /Germany
2006/CBM 111 ext/1-0}  )9... Ncxe5 ( 9... Kf8 10. Bb5 $11 )10. Rh3 ( 10. Nxe5
$5 Nxe5 11. h5 $14 )10... Nxf3+ $11 11. Qxf3 Nxc5 12. O-O-O { White has a king
attack}  12... Kf8 13. Nxd5 ( 13. Rd4 $11 $142 { and White has air to breath}
)13... exd5 $17 14. Rxd5 Nd7 $4 { Black loses the upper hand}  ( 14... Qe7 $142
15. Rg3 Bd7 $19 )15. Bb5 $18 Qe7 ( 15... Kg8 16. Qe2 h5 17. Re3 $18 )16. Qd1 g6
( 16... Qf6 17. Bxd7 ( 17. Rxd7 $143 Bxd7 18. Qxd7 Qxf2 $17 )17... Kg8 18. Qe1
Bxd7 19. Rxd7 $18 )17. Bxd7 ( 17. Rxd7 { is a weaker possibility}  17... Bxd7
18. Bxd7 Rd8 $17 )17... Kg7 ( 17... h5 18. Re3 Qxh4 19. g3 $18 )18. h5 Rd8 (
18... Bxd7 19. h6+ Kg8 20. Rxd7 Qc5 $18 )19. h6+ ( 19. hxg6 $142 { secures the
point}  19... hxg6 20. Qd2 $18 )19... Kg8 $16 20. Re3 Qf8 21. Rh3 { Black has a
cramped position}  21... Qe7 22. Re3 { Twofold repetition}  22... Qf8 23. Rh3 (
23. Bxc8 $5 $142 Raxc8 24. Rxd8 Rxd8 25. Qh1 $16 )23... Qe7 $11  1/2-1/2

[Event "Lidums Checkmate Op"]
[Site "Adelaide"]
[Date "2007.07.08"]
[Round "5.22"]
[White "Whitney, Garth"]
[Black "Zulfic, Fedja"]
[Result "0-1"]
[Annotator "Fritz 10"]
[BlackElo "1809"]
[EventCountry "AUS"]
[EventDate "2007.07.07"]
[EventRounds "7"]
[EventType "swiss"]
[PlyCount "28"]
[WhiteElo "1034"]

{ B01: Scandinavian Defence } 1. e4 d5 2. exd5 Nf6 3. Nf3 Qxd5 4. d4 Nc6 5. Be3
Bg4 6. Be2 O-O-O 7. O-O e6 8. c4 ( 8. Nbd2 Bd6 9. h3 h5 10. a3 g5 11. Bc4 Bxf3
12. Qxf3 Qxf3 13. Nxf3 g4 14. Ng5 Rd7 15. Rad1 Nd5 16. Bc1 a6 17. Rfe1 Rg8 18.
hxg4 hxg4 19. g3 Nd8 20. Bf1 Rg6 21. Bg2 c6 22. Ne4 Be7 { Ciolac,G  ( 2323 )
-Nisipeanu,L  ( 2592 ) /Eforie Nord 2000/CBM 081/1/2-1/2  ( 38 )}  )8... Qf5 9.
Nc3 ( 9. Qb3 Nb4 10. Nc3 Be7 11. c5 Nfd5 12. Nxd5 Nxd5 13. c6 Nb6 14. cxb7+
Kxb7 15. a4 Qd5 16. Qd3 a5 17. Qa6+ Kb8 18. Rfc1 Qa8 19. Qb5 Rd5 20. Qb3 Bd6
21. Rc5 Qb7 22. Rb5 Rxb5 23. Qxb5 Qd5 { Finocchiaro,G  ( 1854 ) -Quirico,P  (
1987 ) /Asti 2006/CBM 110 ext/1/2-1/2  ( 34 )}  )9... h5 $146 ( 9... Bc5 10.
Qb3 Bxd4 11. Bxd4 Rxd4 12. Nxd4 Nxd4 13. Qd1 Rd8 14. f3 Nxf3+ 15. Bxf3 Rxd1 16.
Raxd1 Qc5+ 17. Kh1 Qxc4 18. a4 a5 19. h3 Bf5 20. Rc1 Qb4 21. Rfd1 c6 22. Nb5
Nd5 23. Rc4 Qb3 24. Rdc1 { Rizouk,R  ( 2240 ) -Rocha,S  ( 2375 ) /Algarve
1995/CBM 046 ext/0-1}  )10. h3 Bd6 11. hxg4 $4 { not a good decision, because
now the opponent is right back in the game}  ( 11. Nb5 $16 $142)11... hxg4 $19
12. Ne5 $4 { White falls apart}  ( 12. g3 gxf3 13. Bxf3 $19 )12... Qh5 ( 12...
Bxe5 $142 { and Black has reached his goal}  13. f4 Bxd4 14. Bxd4 Nxd4 $19 )13.
f4 g3 ( 13... gxf3 $142 { nails it down}  14. Bxf3 Qh2+ 15. Kf2 Bxe5 16. Bxc6
bxc6 $19 )14. Nf3 ( 14. Bxh5 $142 { and the result of the game is clear: White
will win}  14... Rxh5 15. Nxf7 $18 )14... Qh1#  0-1

[Event "Lidums Checkmate Op"]
[Site "Adelaide"]
[Date "2007.07.08"]
[Round "5.23"]
[White "Cooke, Tristrom P"]
[Black "Huynh, Arthur"]
[Result "0-1"]
[Annotator "Fritz 10"]
[BlackElo "1833"]
[EventCountry "AUS"]
[EventDate "2007.07.07"]
[EventRounds "7"]
[EventType "swiss"]
[PlyCount "74"]
[WhiteElo "1549"]

{ B88: Sicilian: Sozin Attack } 1. e4 c5 2. Bc4 d6 3. Nf3 Nf6 4. Nc3 Nc6 5. d4
cxd4 6. Nxd4 e6 7. O-O Be7 8. Be3 Bd7 ( 8... a6 9. a3 Qc7 10. Ba2 b5 11. Qe2
Ne5 12. f3 Bd7 13. Nd1 O-O 14. Bf2 Nc4 15. c3 d5 16. Rc1 e5 17. Nf5 Bxf5 18.
exf5 Bc5 19. Kh1 Bxf2 20. Nxf2 Rfe8 21. Bb1 Rad8 22. Rfe1 h6 23. Rcd1 {
Schmid,H  ( 2226 ) -Jerosch,G  ( 2096 ) /Ditzingen 2001/CBM 082 ext/1-0  ( 48
)}  )9. Ndb5 ( 9. Bb3 a6 10. h3 Qc7 11. f4 O-O 12. f5 Nxd4 13. Bxd4 b5 14. fxe6
fxe6 15. a3 Kh8 16. Qe2 Rae8 17. Rad1 e5 18. Be3 Bc6 19. Bg5 Ng8 20. Bxe7 Nxe7
21. Qg4 Ng6 22. Kh2 Nf4 23. g3 Ng6 { Astengo,C  ( 2134 ) -Opacic,A  ( 2105 )
/Verona 2005/CBM 104 ext/1/2-1/2  ( 97 )}  )9... Qb8 10. f3 $146 { Consolidates
g4}  ( 10. f4 a6 11. Nd4 b5 12. Bd3 Nxd4 13. Bxd4 b4 14. Ne2 e5 15. Bf2 Ng4 16.
Qe1 Nxf2 17. Qxf2 Qa7 18. Kh1 Qxf2 19. Rxf2 Bg4 20. h3 Bxe2 21. Bxe2 exf4 22.
Rxf4 Bf6 23. Rb1 Be5 24. Rf3 Ke7 { Julkunen,T-Gorfinkel,J/Finland 2001/CBM 079
ext/1/2-1/2  ( 45 )}  )( 10. f4 a6 11. Nd4 b5 $11 )10... a6 $11 11. Nd4 b5 {
Black threatens to win material: b5xc4}  12. Bb3 Na5 13. Qd2 Qc7 14. Nce2 ( 14.
Rac1 O-O $15 )14... O-O $15 15. Qc3 { White threatens to win material: Qc3xc7} 
15... Rfc8 16. Qxc7 Rxc7 17. c3 Rac8 ( 17... e5 18. Nf5 Bxf5 19. exf5 $15 )18.
Rfd1 Nc4 19. Bxc4 Rxc4 { Black has the pair of bishops}  20. Nb3 Ra8 21. Na5
Rcc8 22. Bf4 { White threatens to win material: Bf4xd6}  22... d5 { Black
threatens to win material: d5xe4}  23. e5 { White threatens to win material:
e5xf6}  23... Bc5+ 24. Nd4 { The knight likes it on d4}  24... Ne8 ( 24... Bb6
25. Nb3 Nh5 26. Be3 $11 )25. Kh1 b4 26. cxb4 Bxb4 { Black has a new protected
passed pawn: d5.}  27. Nab3 a5 28. Rac1 a4 { Black threatens to win material:
a4xb3}  29. Nd2 ( 29. Rxc8 Rxc8 30. Nc1 Bc5 $15 )29... a3 ( 29... f6 30. Nf1
$17 )30. b3 $2 { Prevents intrusion on a4}  ( 30. Rxc8 $5 $142 { and White
hangs on}  30... Bxc8 31. b3 $15 )30... Bc3 $19 31. Nb1 Bb2 32. Rxc8 Rxc8 (
32... Bxc8 $6 33. g4 $17 )33. Kg1 ( 33. h3 Nc7 $19 )33... Nc7 34. Bc1 Nb5 (
34... Na6 35. Ne2 Rc2 36. Kf2 Bxc1 37. Rxc1 Rxa2 38. Nc3 $19 )35. Bxb2 $2 ( 35.
Nxb5 $142 Rxc1 36. Rxc1 Bxc1 37. N5xa3 Be3+ 38. Kf1 $17 )35... axb2 $19 36.
Nxb5 ( 36. Ne2 d4 $1 { Decoy: d4}  37. Kf2 $19 )36... Bxb5 ( 36... Rc1 $5 {
keeps an even firmer grip}  37. Kf2 Rxd1 38. N5c3 $19 )37. Na3 ( 37. Kf2 { the
only chance to get some counterplay}  37... Rc1 38. Rg1 $19 )37... Rc1  0-1

[Event "Lidums Checkmate Op"]
[Site "Adelaide"]
[Date "2007.07.08"]
[Round "6.1"]
[White "West, Guy"]
[Black "Rogers, Ian"]
[Result "1/2-1/2"]
[Annotator "Fritz 10"]
[BlackElo "2624"]
[EventCountry "AUS"]
[EventDate "2007.07.07"]
[EventRounds "7"]
[EventType "swiss"]
[PlyCount "55"]
[WhiteElo "2291"]

{ B23: Closed Sicilian: Lines without g3 } 1. e4 c5 2. Nc3 a6 3. f4 b5 4. d3 e6
5. Nf3 Bb7 6. g3 ( 6. Qe2 Nc6 7. Be3 Qb6 8. g4 Nd4 9. Qf2 Nxf3+ 10. Qxf3 d5 11.
Bd2 b4 12. Ne2 dxe4 13. dxe4 { 1/2-1/2 Kamsky,G  ( 2645 ) -Anand,V  ( 2725 )
/Groningen 1993/CBM 039}  )6... d5 ( 6... d6 7. Bg2 Nd7 8. O-O Be7 9. Be3 Ngf6
10. h3 O-O 11. g4 d5 12. e5 d4 13. exf6 Nxf6 14. g5 Ne8 15. Nxd4 cxd4 16. Bxb7
Ra7 17. Be4 dxe3 18. d4 Rd7 19. Ne2 e5 20. fxe5 Bxg5 21. a4 { Kolosowski,M  (
2159 ) -Zambor,N  ( 2269 ) /Tatranske Zruby 2006/CBM 114 ext/1-0  ( 48 )}  )7.
Bg2 $146 ( 7. Qe2 Nf6 8. e5 Nfd7 9. f5 exf5 10. Bh3 d4 11. Bxf5 dxc3 12. O-O
Be7 13. e6 O-O 14. Bxh7+ Kxh7 15. Ng5+ Bxg5 16. Qh5+ Bh6 17. Bxh6 Nf6 18. Rxf6
Qd5 19. Bg5+ Kg8 20. exf7+ Rxf7 21. Qxf7+ Qxf7 { Ramakrishna,J  ( 2251 )
-Harikrishna,P  ( 2563 ) /Mumbai 2003/CBM 093 ext/0-1  ( 36 )}  )( 7. e5 Nc6 8.
Bg2 Nge7 9. O-O h5 10. Be3 Nf5 11. Bf2 Be7 12. a3 Qd7 13. Ne2 d4 14. Nd2 f6 15.
exf6 gxf6 16. Ne4 O-O-O 17. Qd2 h4 18. Nc1 hxg3 19. hxg3 Ne3 20. Bxe3 dxe3 21.
Qxe3 Nd4 { Cardenas Valero,J  ( 2252 ) -De la Riva Aguado,O  ( 2458 ) /
Palencia 1999/CBM 071 ext/1/2-1/2  ( 63 )}  )7... Nf6 8. O-O Be7 9. e5 { White
threatens to win material: e5xf6}  9... Nfd7 10. Ne2 ( 10. f5 exf5 11. Nh4 Bxh4
( 11... Nxe5 $143 12. Nxf5 O-O 13. Nxd5 ( 13. Nxe7+ $143 Qxe7 14. Nxd5 Qd7 $14
) 13... Bxd5 14. Bxd5 $16 )12. gxh4 Nxe5 13. Rxf5 Nbd7 14. Nxd5 O-O $14 )10...
Nc6 11. d4 g6 ( 11... O-O 12. Be3 $11 )12. Be3 $14 h5 13. h3 Qc7 14. c3 {
Controls b4}  14... c4 { This push gains space}  ( 14... Rc8 15. Rc1 $16 )15.
Qc2 Nb6 16. g4 ( 16. Ng5 $5 $142 Qd7 17. Rab1 $16 )16... hxg4 $11 17. hxg4 {
White king safety dropped.}  17... Bc8 ( 17... O-O-O 18. Kf2 $11 )18. Kf2 Bd7 (
18... Bb7 19. Rh1 O-O-O 20. g5 $14 )19. Rh1 $16 O-O-O 20. a3 ( 20. Ng5 $5 Rhf8
21. Kg1 $16 )20... Rdg8 21. Rxh8 { White pins: Rh8xg8}  21... Rxh8 22. Rh1 Rxh1
23. Bxh1 Qd8 24. Ng3 Qh8 25. Bg2 Kc7 26. Kg1 { White king safety dropped} 
26... Qh7 27. Nf1 Bc8 28. Bf2  1/2-1/2

[Event "Lidums Checkmate Op"]
[Site "Adelaide"]
[Date "2007.07.08"]
[Round "6.2"]
[White "Tao, Trevor"]
[Black "Antic, Dejan"]
[Result "0-1"]
[Annotator "Fritz 10"]
[BlackElo "2471"]
[EventCountry "AUS"]
[EventDate "2007.07.07"]
[EventRounds "7"]
[EventType "swiss"]
[PlyCount "88"]
[WhiteElo "2354"]

{ E62: King's Indian: Fianchetto: 6...c6 and Panno Variation  ( 6...Nc6 ) 
without . ..a6 } 1. d4 Nf6 2. c4 g6 3. Nc3 Bg7 4. g3 O-O 5. Bg2 d6 6. Nf3 c6 7.
O-O Qa5 8. a3 Be6 9. Nd2 Qa6 10. d5 cxd5 11. cxd5 Bd7 12. e4 $146 ( 12. Nb3 Rc8
13. e4 b5 14. Be3 Qb7 15. Bd4 a5 16. e5 dxe5 17. Bxe5 b4 18. axb4 axb4 19. d6
Rxa1 20. Bxb7 Rxd1 21. Nxd1 Re8 22. dxe7 Bb5 23. Bd6 Bxf1 24. Kxf1 Nfd7 25. Ne3
Bxb2 26. Nd5 Bf6 { Cvek,R  ( 2265 ) -Neuman,P  ( 2215 ) /Usti nad Labem
1996/Juniors/1-0  ( 87 )}  )12... Rc8 13. Bf3 ( 13. h3 $5 $14 { is noteworthy}
)13... Bh3 $15 { Black threatens to win material: Bh3xf1}  14. Re1 Nbd7 15. Be2
{ White threatens to win material: Be2xa6}  15... Qb6 16. Nc4 Rxc4 17. Bxc4 {
White wins the exchange}  17... Ng4 { Black has a mate threat}  18. Qe2 Rc8 (
18... Bd4 $5 19. Be3 Bxe3 20. fxe3 Nge5 $17 )19. Bb5 $11 Bxc3 20. bxc3 $4 {
allows the opponent back into the game}  ( 20. Bxd7 $142 { and White hangs on} 
20... Bxe1 21. Bxc8 Bxf2+ 22. Kh1 $15 )20... Nde5 $19 21. c4 a6 22. Be3 Nxe3
23. Qxe3 Qxe3 24. Rxe3 axb5 25. cxb5 Rc2 26. a4 Rb2 27. g4 ( 27. Rc3 Kg7 $19
)27... Bxg4 28. Kg2 f5 29. exf5 Bxf5 30. h3 $6 { not the bravest move}  ( 30.
Rc1 Kf7 31. Rc7 b6 $19 )30... Kf7 31. Rc1 ( 31. Kg1 { doesn't improve anything}
 31... Rb4 $19 )31... Ra2 32. Rc7 Rxa4 33. Kg3 ( 33. Rxb7 { does not solve
anything}  33... Be4+ 34. Kf1 Bxd5 $19 )33... g5 34. Rxb7 Rb4 35. f3 ( 35. Rb8
{ is not the saving move}  35... h5 $19 )35... h5 36. Re2 ( 36. Rxe5 { a
fruitless try to alter the course of the game}  36... dxe5 37. d6 h4+ 38. Kf2
Rd4 39. dxe7 Bd7 $19 )36... h4+ 37. Kg2 Kf6 38. b6 ( 38. Rb8 { hardly improves
anything}  38... Bd3 39. Rf2 Bc4 $19 )38... Bd3 39. Rd2 Ba6 ( 39... Bc4 { might
be the shorter path}  40. Rb8 Nd7 41. Rd8 Nxb6 42. Rf8+ Kg7 43. Rb8 Nxd5 44.
Rxb4 Nxb4 45. f4 $19 )40. Rb8 Nd7 41. Rh8 Nxb6 42. Ra2 ( 42. Rh6+ {
desperation}  42... Kg7 43. Re6 $19 )42... Bc4 43. Ra7 ( 43. Rc2 { does not
help much}  43... Nxd5 44. Kh2 Nf4 $19 )43... Nxd5 44. Rh6+ ( 44. Kh1 { is no
salvation}  44... Rb1+ 45. Kh2 Rb2+ 46. Kh1 Bf1 $19 )44... Ke5 ( 44... Ke5 45.
Kf2 Rb2+ 46. Kg1 Kf4 $19 ) 0-1

[Event "Lidums Checkmate Op"]
[Site "Adelaide"]
[Date "2007.07.08"]
[Round "6.3"]
[White "Morris, James"]
[Black "Toth, Andras"]
[Result "0-1"]
[Annotator "Fritz 10"]
[BlackElo "2421"]
[EventCountry "AUS"]
[EventDate "2007.07.07"]
[EventRounds "7"]
[EventType "swiss"]
[PlyCount "106"]
[WhiteElo "2035"]

{ E60: King's Indian: Unusual lines and Fianchetto Variation without Nc3 } 1. d4
Nf6 2. c4 g6 3. Nf3 Bg7 4. h3 ( 4. h4 O-O 5. h5 d5 6. hxg6 hxg6 7. Bg5 c5 8.
Qc1 cxd4 9. Bh6 Qa5+ 10. Nbd2 Bxh6 11. Rxh6 Kg7 12. Rh4 Nc6 13. a3 dxc4 14.
Qxc4 Be6 15. Qd3 Rh8 16. Rc1 Ne5 17. Nxe5 Rxh4 18. Nf3 Bf5 { Filippov,A  ( 2500
) -Kostin,K  ( 2259 ) /Internet 2006/CBM 112 ext/1-0  ( 64 )}  )4... O-O $146 (
4... c5 5. d5 e6 6. Nc3 exd5 7. cxd5 O-O 8. Bf4 Re8 9. Qd2 b5 10. e3 a6 11. d6
Bb7 12. Be2 Nc6 13. O-O Nb4 14. a4 Nbd5 15. Bg5 Nxc3 16. Qxc3 c4 17. axb5 axb5
18. Rxa8 Bxa8 19. Qb4 { Opocensky,K-Prins,L/Karlovy Vary 1948/MCD/0-1  ( 64 )} 
)5. Bf4 ( 5. Nc3 d5 $11 )5... c5 $15 6. e3 d5 7. Nc3 Nc6 8. Be2 cxd4 9. Nxd4
Nxd4 10. exd4 Be6 ( 10... Qb6 $5 { should not be overlooked}  11. b3 Rd8 $15
)11. c5 $14 { Black has a cramped position}  11... Ne4 12. O-O Nxc3 13. bxc3
Qa5 { Black threatens to win material: Qa5xc3}  14. Qb3 { White threatens to
win material: Qb3xb7}  14... b6 { Black threatens to win material: b6xc5}  15.
c6 { White has a new passed pawn: c6}  15... Rac8 16. c7 Bd7 17. Rac1 ( 17. Qb4
$5 { is an interesting idea}  17... Qxb4 18. cxb4 $11 )17... e5 $11 18. dxe5
Be6 19. c4 Rxc7 20. cxd5 Bxd5 { White has an active position. .}  21. Qb2 Re7
22. Bd2 Bxe5 ( 22... Qxa2 23. Qxa2 Bxa2 $11 )23. Qxe5 ( 23. Qb4 $142 { is the
best option White has}  23... Bg7 24. Qxe7 Qxd2 25. a3 $14 )23... Rxe5 $17 24.
Bxa5 Rxe2 25. Bb4 Rxa2 ( 25... Ra8 $5 26. a3 Be6 $17 )26. Bxf8 $15 Kxf8 27. Ra1
( 27. Rb1 $15)27... a6 ( 27... a5 $5 $17 $142)28. Rfb1 ( 28. Rxa2 $5 Bxa2 29.
Ra1 $14 )28... Rxa1 $11 { Black pins: Ra1xb1}  29. Rxa1 Bc4 ( 29... a5 30. Rb1
a4 31. Rxb6 $11 )30. Rb1 { White threatens to win material: Rb1xb6}  ( 30. Rc1
b5 31. Ra1 b4 $14 )30... Bb5 $11 31. f3 ( 31. Rc1 Be8 $11 )31... Ke7 $15 32.
Kf2 Kd6 33. Ke3 ( 33. Rc1 a5 $15 )33... Kc5 $17 34. Kd2 Bc4 35. Kc3 b5 36. Re1
$2 ( 36. Ra1 $5 $17 $142)36... b4+ $19 37. Kc2 a5 ( 37... Be6 38. Re5+ Kb6 39.
g4 $19 )38. Re7 ( 38. Re8 h6 $17 )38... a4 { Black plans b3}  ( 38... Bd5 $5
39. Re8 $19 )39. Rc7+ $17 Kd4 40. Rb7 b3+ ( 40... Bb3+ 41. Kb2 Kc4 42. Rc7+ Kb5
43. Rb7+ Kc5 $15 )41. Kb2 $15 Ke3 42. Rb4 ( 42. Ra7 Kf2 43. Rxa4 Be6 $15 )42...
Be6 ( 42... Bf1 $5 $142 43. g4 Bxh3 $17 )43. Rxa4 $15 Kf2 { Black threatens to
win material: Kf2xg2}  44. Rh4 Kxg2 45. Rxh7 Kxf3 46. h4 Kg4 47. Kc3 Kf4 48. h5
gxh5 ( 48... Kg4 49. h6 Kh5 50. Rxf7 Kxh6 51. Rf6 $11 )49. Rxh5 $11 f5 50. Rh6
{ White threatens to win material: Rh6xe6}  50... Ke5 51. Rh2 f4 52. Re2+ Kf5
53. Kd4 f3 { Following moves unknown.}  ( 53... f3 54. Re5+ Kf6 $11 ) 0-1